000 02524cam a2200637Mi 4500
003 PE-LiUPU
005 20250731170425.0
008 190129s2015 nyua rb 001 0 eng d
020 _a9780415641562
020 _a041564156X
035 _a(Sirsi) i9780415641562
035 _a(OCoLC)920023762
040 _aPE-LiUPU
_bspa
_cPE-LiUPU
_erda
049 _aPRUA
082 0 4 _a152.41
_bG65
_223
100 1 _aGottman, John Mordechai,
_eautor.
245 1 0 _aPrincipia amoris :
_bthe new science of love /
_cJohn Mordechai Gottman.
264 1 _aNew York :
_bRoutledge, Taylor & Francis Group,
_c2015.
300 _axv, 309 páginas :
_bilustraciones ;
_c26 centímetros
336 _atext
_2rdacontent
337 _aunmediated
_2rdamedia
338 _avolume
_2rdacarrier
504 _aBibliografía: páginas 289-300.
504 _aÍndice: páginas 301-309.
505 0 _aScience of Love? Really? -- There Are Three Phases of Love in a Lifetime of Love -- Imagining "The Love Equations" -- Love and Equations Do Go Together -- Our Final Love Equations -- The Invisible Factors That Deeply Affect Love -- There Are Only Three Ways to Love Well -- Getting a Feeling for the Love Equation Parameters: Becoming a Better Observer of Couples' Interaction -- When to Bail Out of a Bad Relationship -- With a Little Help From Algebra -- As Good as It Gets -- The Rest of Emotion -- Emotional Turbulence -- Five Recipes for a Delicious Relationship, and Proof That It Works.
526 _aSEG68
526 _aSEG70
526 _aSEG69
526 _aSEG67
526 _aSEG43
526 _aP144
526 _aP143
526 _aP131
526 _aP122
526 _aP120
526 _aP117
526 _aP112
526 _aP110
526 _aP106
526 _aP101
526 _aP80
526 _aP59
526 _aP54
526 _aP35
526 _aP33
526 _aP30
541 _gF002-00000791;
650 0 _aAtracción interpersonal
650 0 _aAmor.
910 _adbm
_bjpc
_cjpc
_d20190129
942 _2ddc
_cBOOK
949 _a152.41 G65
_wDEWEY
_c1
_i79685
_lCATALOGING
_mBUL
_p60.00
_r0
_sY
_tBOOK
_u2019-01-29
_xSALUD
_PP33
_0COMPRA
_o.STAFF. Colección General
994 _aC0
_bPEPRU
596 _a1
999 _a152.41 G65
_wDEWEY
_c30879
_i79685
_f2021-11-3
_g3
_lCCODEBUL1
_mBUL
_p60.00
_r0
_sY
_tBOOK
_u2019-1-29
_xSALUD
_zP33
_0COMPRA
_1FCOMPR2
_o.STAFF. Colección General
_d30879
980 _81
_gALBERTO SANCHEZ Responsable de Automatización